The mother tongue: English &how it got that way (Record no. 1553)

000 -LEADER
fixed length control field 00502nam a22001817a 4500
005 - DATE AND TIME OF LATEST TRANSACTION
control field 20210423062800.0
008 - FIXED-LENGTH DATA ELEMENTS--GENERAL INFORMATION
fixed length control field 210219b1990 ||||| |||| 00| 0 eng d
040 ## - CATALOGING SOURCE
Transcribing agency DLC
041 ## - LANGUAGE CODE
Language code of text/sound track or separate title eng
080 ## - UNIVERSAL DECIMAL CLASSIFICATION NUMBER
Universal Decimal Classification number 811.111
Item number B-91
100 ## - MAIN ENTRY--PERSONAL NAME
9 (RLIN) 983
Personal name Bryson, bill
245 ## - TITLE STATEMENT
Title The mother tongue: English &how it got that way
260 ## - PUBLICATION, DISTRIBUTION, ETC.
Place of publication, distribution, etc. New York
Name of publisher, distributor, etc. William morrov and company
Date of publication, distribution, etc. 1990
300 ## - PHYSICAL DESCRIPTION
Extent 270 P.:
650 #0 - SUBJECT ADDED ENTRY--TOPICAL TERM
9 (RLIN) 480
Topical term or geographic name entry element English Language
653 ## - INDEX TERM--UNCONTROLLED
Uncontrolled term ინგლისური ენა
942 ## - ADDED ENTRY ELEMENTS (KOHA)
Source of classification or shelving scheme
Koha item type Books
Holdings
Withdrawn status Lost status Source of classification or shelving scheme Damaged status Not for loan Permanent location Current location Date acquired Inventory number Total Checkouts Full call number Barcode Date last seen Price effective from Koha item type
          Ken Walker International University Ken Walker International University 02/19/2021 417   811.111 B-91 417 02/19/2021 02/19/2021 Books

Powered by Koha